Normal view
MARC view
Entry Personal Name
001 - CONTROL NUMBER
- control field: 72552
003 - CONTROL NUMBER IDENTIFIER
- control field: dpl
005 - DATE AND TIME OF LATEST TRANSACTION
- control field: 20241010114519.0
008 - FIXED-LENGTH DATA ELEMENTS
- fixed length control field: 241010|| aca||aabn | a|a d
040 ## - CATALOGING SOURCE
- Original cataloging agency: dpl
- Transcribing agency: dpl
100 ## - HEADING--PERSONAL NAME
- Personal name: Natarajan, V
670 ## - SOURCE DATA FOUND
- Source citation: Work cat.: (dpl)206231: Natarajan, V., Social Issues in Literature and Media/, 2018
